|
|
|
|
| LEADER |
01969nam a22003614a 4500 |
| 001 |
39392 |
| 003 |
BD-DhAAL |
| 008 |
220817t2011 nyu b 001 0 eng d |
| 999 |
|
|
|c 44459
|d 44459
|
| 010 |
|
|
|a 2005015710
|
| 020 |
|
|
|a 9780521187817 (paperback)
|
| 020 |
|
|
|a 0521858860 (hardback)
|
| 020 |
|
|
|a 9780521858861
|
| 035 |
|
|
|a (OCoLC)ocm60550677
|
| 040 |
|
|
|a DLC
|c DLC
|d YDX
|d BAKER
|d DLC
|d BD-DhAAL
|
| 042 |
|
|
|a pcc
|
| 050 |
0 |
0 |
|a K3240
|b .I5788 2006
|
| 082 |
0 |
0 |
|a 341.48
|2 22
|
| 245 |
0 |
0 |
|a International human rights and humanitarian law :
|b treaties, cases and analysis /
|c Francisco Forrest Martin ... [et al.].
|
| 260 |
|
|
|a New York :
|b Cambridge University Press,
|c 2011.
|
| 300 |
|
|
|a xxxii, 990 pages ;
|c 26 cm.
|
| 504 |
|
|
|a Includes bibliographical references and index.
|
| 505 |
0 |
|
|a An overview of international human rights and humanitarian law development and their protection mechanisms -- Formal sources and principles of international human rights and humanitarian law -- Incorporation of international human rights and humanitarian law in powers U.S. law -- International human rights tribunal procedure and remedies -- Substantive international human rights and humanitarian law protections -- Theory and critique.
|
| 526 |
|
|
|a SOL
|
| 541 |
|
|
|a Trim Education
|e 39392, 39393
|
| 650 |
|
0 |
|a Human rights.
|9 50899
|
| 650 |
|
0 |
|a Humanitarian law.
|9 50900
|
| 650 |
|
0 |
|a Law.
|9 50901
|
| 700 |
1 |
|
|a Martin, Francisco Forrest.
|9 50902
|
| 852 |
|
|
|a Ayesha Abed Library
|c General Stacks
|
| 942 |
|
|
|2 ddc
|c BK
|
| 952 |
|
|
|0 0
|1 0
|2 ddc
|4 0
|6 341_480000000000000_INT
|7 0
|9 71658
|a BRACUL
|b BRACUL
|c GEN
|d 2022-08-16
|e Trim Education
|g 5570.00
|l 4
|m 43
|o 341.48 INT
|p 301039392
|r 2025-10-21
|s 2025-09-17
|t 1
|v 5570.00
|w 2022-08-16
|y BK
|x Funded by UNHCR
|
| 952 |
|
|
|0 0
|1 0
|2 ddc
|4 0
|6 341_480000000000000_INT
|7 0
|9 71659
|a BRACUL
|b BRACUL
|c GEN
|d 2022-08-16
|e Trim Education
|g 5570.00
|l 5
|m 36
|o 341.48 INT
|p 3010039393
|q 2026-06-02
|r 2026-05-20
|s 2026-05-20
|t 2
|v 5570.00
|w 2022-08-16
|y BK
|x Funded by UNHCR
|